000 00372 a2200169 4500
001 192379
020 _a978-85-7698-121-3
040 _cMagnum
100 _aLisboa, Eliana
240 1 0 _aPelos olhos de Nicolas
_lpor
245 1 0 _aPelos olhos de Nicolas
300 _a
362 0 _a2011
440 1 _aIdeias & Letras
697 _aLITERATURA INFANTO
942 _cBK
999 _c192379
_d192379